• 首页
  • 本馆介绍
  • 公告通知
  • 最新文献
  • 馆藏检索
  • 电子资源
  • 读者导购
  • 参考咨询
  • 我的图书馆
  • 登录
  • 详细信息显示
  • 放入我的书架
  • 预约/预借图书
  • 作者相关作品
  • 分类相关作品
  • 丛书相关作品
  • 出版社相关作品

书目信息

  • 表格格式
  • 工作单格式
  • 卡片格式
题名:
松帕敏和嘎西娜
    
 
作者: 陈贵培 翻译 ;李鉴尧 整理
分册:  
出版信息: 昆明   云南人民出版社  1978
页数: 110页
开本: 19cm
丛书名:
单 册:
中图分类: I295.322
科图分类:
主题词: 傣族-叙事诗--中国 , 叙事诗-傣族--中国
电子资源:
ISBN:
000 00787nam0 2200265 45
001 0178003375
005 20060815175506.65
010    @b精装@dCNY0.70
091    @aCN@b10116.738
100    @a19950718d1978 em y0chiy0121 ea
101 0  @achi@ctha
102    @aCN@b530000
105    @af z 000gy
200 10 @a松帕敏和嘎西娜@Asong pa min he ga xi na@e傣族民间叙事长诗@f陈贵培翻译@g李鉴尧整理
205    @a3版
210    @a昆明@c云南人民出版社@d1978
215    @a110页@c图@d19cm
517 1  @a傣族民间叙事长诗@Adai zu min jian xu shi chang shi
606    @a傣族-叙事诗@y中国
606    @a叙事诗-傣族@y中国
690    @aI295.322@v3
701  0 @a陈贵培@Achen gui pei@4翻译
702  0 @a李鉴尧@Ali jian yao@4整理
801  0 @aCN@bTSSF@c20060815
905    @a10447@dI295.322@e8=3
    
    松帕敏和嘎西娜:傣族民间叙事长诗/陈贵培翻译/李鉴尧整理.-3版.-昆明:云南人民出版社,1978
    110页:图;19cm
    
    
    ISBN (精装):CNY0.70
    
●
相关链接 在E读中查询图书 在五车中查询图书 在当当中查询图书 在豆瓣中查询图书


正题名:松帕敏和嘎西娜     索取号:I295.322/8=3         预约/预借

序号 登录号 条形码 馆藏地/架位号 状态 备注
1 0428336   204283364   密集书库/ [索取号:I295.322/8=3] 在馆    
2 0449592   204495929   密集书库/ [索取号:I295.322/8=3] 在馆    
3 0457224   204572248   密集书库/ [索取号:I295.322/8=3] 在馆    
4 0457225   204572257   密集书库/ [索取号:I295.322/8=3] 在馆    
唐山师范学院图书馆 欢迎您!
大连网信软件有限公司© 版权所有